El país sin nombre / (Registro nro. 3470)

Detalles MARC
000 -LEADER
fixed length control field 00806nam a2200217Ia 4500
003 - CONTROL NUMBER IDENTIFIER
control field OSt
005 - DATE AND TIME OF LATEST TRANSACTION
control field 20200902152912.0
008 - FIXED-LENGTH DATA ELEMENTS--GENERAL INFORMATION
fixed length control field 191128s2006 sp er 000 1 spa d
020 ## - INTERNATIONAL STANDARD BOOK NUMBER
International Standard Book Number 9788424180942
040 ## - CATALOGING SOURCE
Original cataloging agency CO-JMCR
Transcribing agency CO-JMCR
041 ## - LANGUAGE CODE
Language code of text/sound track or separate title spa
082 04 - DEWEY DECIMAL CLASSIFICATION NUMBER
Classification number T /
Item number CAÑp
100 1# - MAIN ENTRY--PERSONAL NAME
Personal name Cañas, José,
Relator term autor
9 (RLIN) 9652
245 10 - TITLE STATEMENT
Title El país sin nombre /
Statement of responsibility, etc. José Cañas
250 ## - EDITION STATEMENT
Edition statement Sexta edición
260 ## - PUBLICATION, DISTRIBUTION, ETC.
Place of publication, distribution, etc. La Coruña :
Date of publication, distribution, etc. 2000
300 ## - PHYSICAL DESCRIPTION
Extent 60 páginas ;
Dimensions 20 cm.
520 ## - SUMMARY, ETC.
Summary, etc. La instalación de una fábrica muy especial, que utiliza un nuevo y misterioso gas, transforma totalmente la vida de un pequieño país, ya que un escape de este fluido provoca un desastre de extrañas consecuencias: Una pérdida de memoria generalizada entre
650 04 - SUBJECT ADDED ENTRY--TOPICAL TERM
Topical term or geographic name entry element Teatro infantil
9 (RLIN) 9653
942 ## - ADDED ENTRY ELEMENTS (KOHA)
Source of classification or shelving scheme Dewey Decimal Classification
Koha item type Books
Existencias
Withdrawn status Lost status Source of classification or shelving scheme Damaged status Not for loan Collection code Home library Current library Date acquired Source of acquisition Total Checkouts Full call number Barcode Date last seen Date last checked out Copy number Koha item type
    Dewey Decimal Classification     Fiction Biblioteca Pública José María del Castillo y Rada Biblioteca Pública José María del Castillo y Rada 11/28/2019 Donación 8 T / CAÑp 201807322 03/10/2026 03/10/2026 Ej.1 Books